00588nam a2200193Ia 4500003000400000005001700004008004100021040000700062041000800069082001600077100002400093245002600117260005200143300000900195650002200204942001300226999001900239952013600258OSt20250809103843.0250729s2006 xx 000 0 und d cAL aeng a301.07 REDT aSharada M M9221153 aTechniues of teaching aNew DelhibOrbis Books Sonali Publicationc2006 a252p aSociology9221154 2ddccBED c234878d234878 001040708BEDaALbALd2025-07-29eSita Book Houseg195.00l0o301.07 REDTpBED00197r2025-07-29 16:53:32v195.00w2025-07-29yBK